Evaluating information : a guide for users of social science research /

Bibliographic Details
Main Author: Katzer, Jeffrey
Other Authors: Cook, Kenneth H., Crouch, Wayne W.
Format: Book
Language:English
Published: Reading, Mass. : Addison-Wesley Pub. Co., [1982]
Edition:2nd ed.
Series:Addison-Wesley series in sociology.
Subjects:

MARC

Tag First Indicator Second Indicator Subfields
LEADER 00000pam a2200000 a 4500
001 in00000074142
005 20151008060218.0
008 810423s1982 maua b 00110 eng
010 |a  81003588  
020 |a 0201047594 :  |c $9.95 
035 |a (OCoLC)07460974 
035 |9 AAJ5308AM 
039 0 |a 2  |b 3  |c 3  |d 3  |e 3 
040 |a DLC  |c DLC  |d TXA  |d UtOrBLW 
049 |a TXAM  |c [1442715] 
050 0 0 |a H62  |b .K378 1982 
082 0 |a 300/.72  |2 19 
100 1 |a Katzer, Jeffrey. 
245 1 0 |a Evaluating information :  |b a guide for users of social science research /  |c Jeffrey Katzer, Kenneth H. Cook, Wayne W. Crouch. 
250 |a 2nd ed. 
264 1 |a Reading, Mass. :  |b Addison-Wesley Pub. Co.,  |c [1982] 
264 4 |c ©1982 
300 |a x, 236 pages :  |b illustrations ;  |c 23 cm. 
336 |a text  |b txt  |2 rdacontent 
337 |a unmediated  |b n  |2 rdamedia 
338 |a volume  |b nc  |2 rdacarrier 
490 1 |a Addison-Wesley series in sociology 
504 |a Includes bibliographical references and index. 
650 0 |a Social sciences  |x Research  |x Evaluation. 
650 0 |a Social sciences  |x Methodology. 
700 1 |a Cook, Kenneth H. 
700 1 |a Crouch, Wayne W. 
830 0 |a Addison-Wesley series in sociology. 
999 |a MARS 
999 f f |s 1ea524f9-af55-3d75-a3d7-d1050c137911  |i 4842512f-c3ea-3b08-a7ed-41becd278b3f  |t 0 
952 f f |p ric  |a Texas A&M University  |b Rellis Campus  |c Joint Library Facility  |d Remote Storage  |t 0  |e H62 .K378 1982  |h Library of Congress classification  |i unmediated -- volume  |m A14806118395 
998 f f |a H62 .K378 1982  |t 0  |l Remote Storage